000 00628cam a2200205 4500
001 ABS61275
008 000000n1999 000 0 eng u
035 _a(Sirsi) u101896
100 _aJenkin, P.
245 _aReduce your exposure to risk.
260 _c1999
490 _aConstruction News
_v(6630) 26 August 1999, 20-21(2)
520 _aGives a brief overview of risk management in construction and the benefits of a structured risk management system.
650 _aRISK MANAGEMENT
650 _aHEALTH AND SAFETY
_96244
650 _aHAZARDS
650 _aHSE
690 _aProject management
_96261
942 _n0
999 _c60997
_d60997